=LDR 00000nam 2200000 4500 =001 INLIS000000000004827 =005 20130612093111 =008 ***********************************Ind** =035 ##$$0010-061300000004827 =041 ##$$a Ind =082 ##$$a 796.352 3 =090 ##$$a 796.352 3, Nic g =100 ##$$a NICKLAUS, Jack =245 ##$$a Golf instruksi / oleh Jack Niclaus. -- =260 ##$$a 1995 $b Semarang : Dahara Prize =300 ##$$a v, 248 hlm. : ilus. ; 21 cm =650 ##$$a Golf =850 ##$$a NBPNMAT